[Event "Douglas IoM op-B"]
[White "Gumireddy, Sanjay Savio"]
[Black "Oxener, Aldo"]
[Site "Douglas"]
[Round "2"]
[Result "1-0"]
[Date "2018.10.23"]
[WhiteElo "1846"]
[BlackElo "1579"]
[PlyCount "105"]
[EventDate "2018.10.22"]
[EventType "swiss"]
[EventRounds "7"]
[EventCountry "IOM"]
[SourceTitle "CBM 187 Extra"]
[Source "ChessBase"]
[SourceDate "2018.11.04"]
[SourceVersion "1"]
[SourceVersionDate "2018.11.04"]
[SourceQuality "1"]

1. e4 c5 2. Nf3 d6 3. Bd3 e5 4. h3 Nf6 5. c3 Be7 6. Bc2 b6 7. 0-0 Bb7 8. Qe2 0-0 9. d4 cxd4 10. cxd4 Ba6 11. Bd3 Bxd3 12. Qxd3 Nbd7 13. Nc3 exd4 14. Qxd4 Nc5 15. Rd1 Ne6 16. Qd3 a6 17. Nd4 Nc5 18. Qf3 Qc7 19. Nf5 Rfd8 20. Qg3 Bf8 21. f3 Ne6 22. Be3 b5 23. Rac1 Qd7 24. Rd2 Rac8 25. a3 Kh8 26. Bb6 Re8 27. e5 Nh5 28. Qf2 Nef4 29. Nxd6 Bxd6 30. exd6 Re6 31. Bc7 Rg6 32. Qh4 h6 33. Ne4 Nxh3+ 34. Kh1 N3f4 35. g3 f5 36. gxf4 fxe4 37. Qxh5 Rg3 38. Rh2 exf3 39. Rf1 Re8 40. Qh4 Rg6 41. Qh3 Rge6 42. Rd2 Rf8 43. Qg4 f2 44. Rdxf2 Rff6 45. f5 Re3 46. Rg1 Qc6+ 47. Kh2 Rf7 48. Qg6 Rxc7 49. dxc7 Qxc7+ 50. Rg3 Re4 51. f6 Rh4+ 52. Kg2 Qc6+ 53. Rff3 1-0

[Event "Maastricht Limburg op-C 6th"]
[White "Oxener, Aldo"]
[Black "Overtoom, Reinier"]
[Site "Maastricht"]
[Round "6"]
[Result "0-1"]
[Date "2012.05.28"]
[WhiteElo "1513"]
[BlackElo "1705"]
[PlyCount "76"]
[EventDate "2012.05.25"]
[EventType "swiss"]
[EventRounds "7"]
[EventCountry "NED"]
[SourceTitle "EXT 2013"]
[Source "ChessBase"]
[SourceDate "2012.11.22"]
[SourceVersion "1"]
[SourceVersionDate "2012.11.22"]
[SourceQuality "1"]

1. d4 Nf6 2. Nf3 g6 3. Bg5 Bg7 4. Nbd2 0-0 5. e4 d6 6. Bd3 Nbd7 7. 0-0 c5 8. c3 Re8 9. Qb3 a6 10. Bc4 Rf8 11. a4 b6 12. Rfe1 e5 13. dxe5 dxe5 14. Rad1 Qc7 15. Re2 Bb7 16. Bd5 Rab8 17. c4 Bc8 18. Nf1 h6 19. Bh4 Nh5 20. Red2 Ndf6 21. Qc3 Re8 22. Bg3 Nxg3 23. Nxg3 Kf8 24. b4 Ng8 25. b5 axb5 26. cxb5 Ne7 27. Qc4 Nxd5 28. exd5 f5 29. d6 Qd7 30. Nh4 Re6 31. Ne2 Bb7 32. Nc3 Rd8 33. Nd5 Bxd5 34. Qxd5 e4 35. Qc6 Bd4 36. Qxb6 Rxd6 37. Qa5 Bxf2+ 38. Kxf2 Rxd2+ 0-1

[Event "Delft Prinsenstad op-C"]
[White "Kanters, Cor"]
[Black "Oxener, Aldo"]
[Site "Delft"]
[Round "4"]
[Result "1/2-1/2"]
[Date "2012.04.07"]
[WhiteElo "1072"]
[BlackElo "1593"]
[PlyCount "132"]
[EventDate "2012.04.06"]
[EventType "swiss"]
[EventRounds "6"]
[EventCountry "NED"]
[SourceTitle "EXT 2013"]
[Source "ChessBase"]
[SourceDate "2012.11.22"]
[SourceVersion "1"]
[SourceVersionDate "2012.11.22"]
[SourceQuality "1"]

1. e4 d5 2. exd5 Qxd5 3. Nc3 Qd6 4. Nf3 Nf6 5. g3 a6 6. Bg2 Bg4 7. d3 Nc6 8. Bf4 e5 9. Qe2 Nd4 10. Bxe5 Nxe2 11. Bxd6 Nxc3 12. Bxf8 Rxf8 13. bxc3 0-0-0 14. 0-0 Rfe8 15. d4 Bf5 16. Ne5 Re7 17. Rab1 Ne4 18. Rfe1 Nd6 19. c4 c6 20. c5 Nb5 21. Rbc1 Nxd4 22. c3 Ne6 23. Bxc6 Nxc5 24. Bg2 Rde8 25. Nf3 Rxe1+ 26. Nxe1 Re2 27. Bd5 Be6 28. Kf1 Rb2 29. Rd1 Kc7 30. Nf3 Bxd5 31. Rxd5 Ne6 32. Ne5 f6 33. Rd7+ Kc8 34. Re7 Ng5 35. Rxg7 Ne6 36. Re7 Ng5 37. Nc4 Rxa2 38. Nb6+ Kd8 39. Rxb7 a5 40. Ra7 Ne4 41. c4 Rxf2+ 42. Kg1 Ra2 43. Rxh7 a4 44. Ra7 a3 45. Rd7+ Ke8 46. Rd1 Rb2 47. Na4 Rb4 48. c5 Rxa4 49. c6 a2 50. c7 Ra8 51. Ra1 Nd2 52. Rxa2 Nf3+ 53. Kh1 Rc8 54. Rf2 Ne5 55. Rxf6 Ke7 56. Rh6 Rxc7 57. Rh7+ Nf7 58. Rh4 Kf8 59. Kg2 Kg8 60. Rf4 Kg7 61. h4 Kg6 62. g4 Re7 63. h5+ Kg7 64. Kh3 Nh6 65. Z0 Re3+ 66. Kh4 Re4 1/2-1/2

[Event "Delft Prinsenstad op-C"]
[White "Oxener, Aldo"]
[Black "Gerritsen, Jan"]
[Site "Delft"]
[Round "3"]
[Result "1-0"]
[Date "2012.04.07"]
[WhiteElo "1593"]
[BlackElo "1578"]
[PlyCount "43"]
[EventDate "2012.04.06"]
[EventType "swiss"]
[EventRounds "6"]
[EventCountry "NED"]
[SourceTitle "EXT 2013"]
[Source "ChessBase"]
[SourceDate "2012.11.22"]
[SourceVersion "1"]
[SourceVersionDate "2012.11.22"]
[SourceQuality "1"]

1. d4 d5 2. Nf3 Nf6 3. e3 e6 4. Bd3 c5 5. b3 cxd4 6. exd4 Nc6 7. Bb2 Bd6 8. Nbd2 Qc7 9. 0-0 0-0 10. Re1 Re8 11. Ne5 Bd7 12. f4 Rac8 13. a3 a6 14. Re3 b5 15. Rh3 g6 16. Qe1 Ne7 17. Qh4 Kg7 18. Qh6+ Kg8 19. Qg5 Kg7 20. Qxf6+ Kxf6 21. Rxh7 Bxe5 22. dxe5+ 1-0

[Event "Maastricht Limburg op-C 5th"]
[White "Oxener, Aldo"]
[Black "Vossen, Patrick"]
[Site "Maastricht"]
[Round "3"]
[Result "1-0"]
[Date "2011.06.11"]
[WhiteElo "1465"]
[BlackElo "1310"]
[PlyCount "63"]
[EventDate "2011.06.10"]
[EventType "swiss"]
[EventRounds "7"]
[EventCountry "NED"]
[SourceTitle "EXT 2012"]
[Source "ChessBase"]
[SourceDate "2011.11.24"]
[SourceVersion "1"]
[SourceVersionDate "2011.11.24"]
[SourceQuality "1"]

1. d4 d5 2. Nf3 c6 3. e3 Nf6 4. Bd3 Nbd7 5. 0-0 e6 6. b3 Bd6 7. Bb2 0-0 8. Ne5 Qc7 9. f4 h6 10. Rf3 c5 11. Nd2 Re8 12. Rh3 Bxe5 13. dxe5 Nh7 14. Qg4 f5 15. Qg3 Kh8 16. Qg6 Re7 17. Nf3 Ndf8 18. Qg3 Bd7 19. Nh4 Be8 20. Rc1 Rd8 21. a4 Bh5 22. Nxf5 exf5 23. Rxh5 c4 24. Bxf5 c3 25. Ba3 Rf7 26. e6 Rxf5 27. Rxf5 Nxe6 28. Re5 Nc5 29. Qg6 Nf6 30. Rd1 b6 31. Bb4 Na6 32. Re7 1-0

[Event "Politiken Cup 32nd"]
[White "Oxener, Aldo"]
[Black "Nielsen, Palle"]
[Site "Copenhagen"]
[Round "2"]
[Result "0-1"]
[Date "2010.08.01"]
[WhiteElo "1494"]
[BlackElo "1851"]
[PlyCount "80"]
[EventDate "2010.07.31"]
[EventType "swiss"]
[EventRounds "10"]
[EventCountry "DEN"]
[SourceTitle "CBM 137 Extra"]
[Source "ChessBase"]
[SourceDate "2010.09.01"]
[SourceVersion "1"]
[SourceVersionDate "2010.09.01"]
[SourceQuality "1"]

1. Nf3 b6 2. g3 Bb7 3. Bg2 e5 4. d3 Nc6 5. 0-0 f5 6. Nxe5 Bd6 7. Nc4 Be7 8. Bf4 h6 9. e4 g5 10. Qh5+ Kf8 11. Be5 Bf6 12. exf5 d5 13. Bd6+ cxd6 14. Bxd5 Rh7 15. Nbd2 Nge7 16. Be6 Nd4 17. Ne4 Bxe4 18. dxe4 Nxe6 19. fxe6 Rc8 20. e5 dxe5 21. Rad1 Qe8 22. Qf3 Kg7 23. Nd6 Qc6 24. Qh5 Rf8 25. Rd2 Kg8 26. Rfd1 a5 27. b3 e4 28. Nc4 Qxe6 29. Rd8 Rxd8 30. Rxd8+ Kg7 31. Rd6 Qf5 32. Rxb6 Bd4 33. Ne3 Qf3 34. Qxf3 exf3 35. Rb7 Kg6 36. Nc4 Bc3 37. Rb5 Nf5 38. Rxa5 Bxa5 39. Nxa5 Rd7 40. h4 g4 0-1